| 000 | 00426nam a22001697a 4500 | ||
|---|---|---|---|
| 003 | NUST - PNEC | ||
| 005 | 20170116180838.0 | ||
| 008 | 150811b xxu||||| |||| 00| 0 eng d | ||
| 020 | _a- | ||
| 040 | _cLIBRARY | ||
| 082 | _a510 MAT | ||
| 100 |
_95134 _aMathur, A.B. |
||
| 245 |
_aA text book of engineering mathematics _cA.B. Mathur |
||
| 260 | _cc.1998 | ||
| 650 |
_95135 _aEngineering mathematics _xME |
||
| 942 |
_2ddc _cBK |
||
| 999 |
_c64294 _d64294 |
||